00292nam a2200109Ia 4500008004100000082001200041100002700053245005800080250002500138260000900163300001000172190415s9999 xx 000 0 und d aTT.0104 aTripathi, Jitendra Rai 0aAdministration of state enterprises in Madhya Pradesh aUniversity of Saugar c1969 a819p.